Developing self-esteem : a positive guide for personal succes

Bibliographic Details
Main Author: Palladine, Connie D.
Format: Book
Published: California : Crisp Publ. , 1989
Subjects:

MARC

LEADER 00000cam a2200000 7i4500
001 0000000378
005 20220531.0
020 |a 1749401656 
040 |a INS 
090 0 0 |a BF6975.S46.   |b P164 1989 
100 1 |a Palladine, Connie D. 
245 0 0 |a Developing self-esteem :   |b a positive guide for personal succes   |c Connie D. Pallation 
260 |a California :   |b Crisp Publ. ,   |c 1989 
300 |a 107p. ;   |c 22cm. 
650 0 |a Self esteem 
650 0 |a Success 
999 |a 0000006524   |b BOOK   |c Open Shelf   |e Default branch